Love as a guide to morals.
Love as a Guide to Morals is an entry-level introduction to the ethical importance of love. Written in conversational format this book looks uniquely at the complexity of love in human relationships and how love can guide ethical decision-making. The book suggests that love in all its intricacy-erot...
المؤلف الرئيسي:
مؤلفون آخرون:
التنسيق: كتاب الكتروني
اللغة: English
منشور في:
Amsterdam :
Editions Rodopi,
2012.
سلاسل:
Value Inquiry Book Series
249.
Rodopi Religion, Theology and Philosophy Special E-Book Collection, 2007-2014, ISBN: 9789004357938.
الموضوعات:
الوصول للمادة أونلاين: Login to view Source
الوسوم: إضافة وسم
رقم الطلب: BD431 .F384 2012
| LEADER | 02689cam a2200505Ii 4500 | ||
|---|---|---|---|
| 001 | BRILL9789401208055 | ||
| 003 | nllekb | ||
| 005 | 20210602101735.0 | ||
| 006 | m d | ||
| 007 | cr un uuuua | ||
| 008 | 120823s2012 ne sb 001 0 eng d | ||
| 020 | |a 9789401208055 |q (electronic book) | ||
| 020 | |z 9789042035300 |q (print) | ||
| 024 | 7 | |a 10.1163/9789401208055 |2 DOI | |
| 035 | |a (OCoLC)809771255 |z (OCoLC)811390790 | ||
| 040 | |a NL-LeKB |c NL-LeKB |e rda | ||
| 050 | 4 | |a BD431 |b .F384 2012 | |
| 072 | 7 | |a PHI |x 001000 |2 bisacsh | |
| 072 | 7 | |a HP |2 bicssc | |
| 072 | 7 | |a PHI000000 |2 bisacsh | |
| 082 | 0 | 4 | |a 111.85 |
| 100 | 1 | |a Fitz-Gibbon, Andrew L., |d 1951- | |
| 245 | 1 | 0 | |a Love as a guide to morals. |
| 264 | 1 | |a Amsterdam : |b Editions Rodopi, |c 2012. | |
| 300 | |a 1 online resource (155 pages) | ||
| 336 | |a text |b txt |2 rdacontent | ||
| 337 | |a computer |b c |2 rdamedia | ||
| 338 | |a online resource |2 rdacarrier | ||
| 490 | 1 | |a Value inquiry book series ; |v v. 249 | |
| 504 | |a Includes bibliographical references and index. | ||
| 505 | 0 | 0 | |a Preliminary Material -- LOVE AND MORALITY -- LOVE'S COMPLEXITY -- LOVE'S APPEARANCE: EROS -- LOVE'S APPEARANCE: FRIENDSHIP, AFFECTION, AND AGAPE -- LOVE-ITSELF -- LOVE'S PRACTICE -- EPILOGUE -- ENDNOTES -- BIBLIOGRAPHY -- ABOUT THE AUTHORS -- INDEX -- VIBS. |
| 506 | |a Available to subscribing member institutions only. | ||
| 520 | |a Love as a Guide to Morals is an entry-level introduction to the ethical importance of love. Written in conversational format this book looks uniquely at the complexity of love in human relationships and how love can guide ethical decision-making. The book suggests that love in all its intricacy-erotic/erosic love, friendship, affection, and agapic love-is the great good of human life. The book argues that love has a unifying power for morality, and is more suited to ethical thinking and practice than any other idea. Love as a Guide to Morals uses a modified Aristotelian argument (after Alsdair MacIntyre) and suggests "loving relationships" rather than happiness as the goal of human life. | ||
| 650 | 0 | |a Ethics. | |
| 650 | 0 | |a Love |x Moral and ethical aspects. | |
| 650 | 7 | |a Ethics. |2 fast | |
| 650 | 7 | |a Love |x Moral and ethical aspects. |2 fast | |
| 700 | 1 | |a Schwab, Gabriele. | |
| 776 | 0 | 8 | |i Print version: |z 9789042035300 |
| 830 | 0 | |a Value Inquiry Book Series |v 249. | |
| 830 | 0 | |a Rodopi Religion, Theology and Philosophy Special E-Book Collection, 2007-2014, ISBN: 9789004357938. | |
| 856 | 4 | |z DOI: |u http://dx.doi.org/10.1163/9789401208055 | |
| 942 | |c EBOOK | ||
| 952 | |0 0 |1 0 |4 0 |7 1 |9 14625 |a BRILL |b BRILL |d 2021-06-02 |l 0 |r 2021-06-02 00:00:00 |w 2021-06-02 |y EBOOK | ||
| 999 | |c 36074 |d 36074 | ||
